[Event "Chigorin Memorial 24th"]
[Site "St Petersburg"]
[Date "2016.10.18"]
[Round "4"]
[White "Lapushnian, Eran"]
[Black "Kundianok, Vladislav"]
[Result "0-1"]
[WhiteElo "1910"]
[BlackElo "1616"]
[PlyCount "54"]
[EventDate "2016.10.15"]
[EventType "swiss"]
[EventRounds "9"]
[EventCountry "RUS"]
[SourceTitle "CBM 175 Extra"]
[Source "ChessBase"]
[SourceDate "2016.12.12"]
[SourceVersion "1"]
[SourceVersionDate "2016.12.12"]
[SourceQuality "1"]

1. e4 c5 2. Nf3 e6 3. d4 cxd4 4. Nxd4 Nf6 5. Nc3 Nc6 6. Nxc6 bxc6 7. e5 Nd5 8. Ne4 Qc7 9. f4 Qb6 10. Qe2 a5 11. a3 Ba6 12. c4 Qb3 13. Qf2 Bxc4 14. Nd2 Qe3+ 15. Qxe3 Nxe3 16. Bxc4 Nc2+ 17. Kd1 Nxa1 18. b3 a4 19. bxa4 Rxa4 20. Bb2 Bxa3 21. Bxa1 Bb4 22. Nb3 Be7 23. Bd3 c5 24. Kd2 c4 25. Rc1 cxb3 26. Bb5 Ra8 27. Bb2 0-0 0-1